000
00312nam a22001337a 4500
020
_a
9788172240721
040
_c
nust
082
_a
615.854
_b
BAK
100
_a
Bkhru, . K. H. Dr
_9
122829
245
_a
Diet Cure
260
_a
India:
_b
Jiaco publishing,
_c
2017.
650
_a
Diet Cure
_9
122830
942
_2
ddc
_c
BK
999
_c
609248
_d
609248